000 00700nam a22001217a 4500
040 _cRUA
082 _aLMA NOU 2015 B495 Or.1
100 _aNOURN CHORVORN; នួន ឆវ័ន
245 _aStudy forest cover exchange in chhlong district, kratie province from 2004-2014 by using arcgis and remote sensing, ការសិក្សាពីប្រែប្រួលគម្របព្រៃឈើក្នុងស្រុកឆ្លូងខេត្តក្រចេះពីឆ្នាំ២០០៤-២០១៤​ដោយប្រើប្រាស់កម្មវិធី ArcGIS និង REMOTE SENSING
260 _aRUA
_bNOU
_c2015
856 _u NOURN CHORVORN
942 _cLMA
999 _c10449
_d10449